| 000 | 00443cam a2200145 a 4500 | ||
|---|---|---|---|
| 020 | _a9781422142691 (alk. paper) | ||
| 040 | _cDLC | ||
| 082 | 0 | 0 | _a153 HAR 2013 A114 Or. |
| 100 | 1 | _aGino, Francesca. | |
| 245 | 1 | 0 |
_aSidetracked : _bwhy our decisions get derailed, and how we can stick to the plan / |
| 260 |
_aBoston : _bHarvard Business Review Press, _cc2013. |
||
| 300 |
_aviii, 260 p. ; _c25 cm. |
||
| 650 | 0 | _aDecision making. | |
| 942 | _cEK | ||
| 999 |
_c17421 _d17421 |
||